In fairness to children : working for social justice in the primary school
Αποθηκεύτηκε σε:
| Κύριος συγγραφέας: | |
|---|---|
| Μορφή: | Βιβλίο |
| Γλώσσα: | English |
| Δημοσίευση: |
London :
David Fulton,
1995
|
| Θέματα: | |
| Ετικέτες: |
Προσθήκη ετικέτας
Δεν υπάρχουν, Καταχωρήστε ετικέτα πρώτοι!
|
MARC
| LEADER | 00000nam a2200000 i 4500 | ||
|---|---|---|---|
| 001 | 1/92940 | ||
| 008 | 991118s1995 eng d | ||
| 020 | |a 1-85346-341-8 | ||
| 035 | |l 10054232 | ||
| 040 | |a GR-MY-UA |b gre |e aacr | ||
| 041 | 0 | |a eng | |
| 082 | 0 | |a 370.115 | |
| 100 | 1 | |a Griffiths, Morwenna. | |
| 245 | 1 | 0 | |a In fairness to children : |b working for social justice in the primary school / |c Morwenna Griffiths ... [et al.] |
| 260 | |a London : |b David Fulton, |c 1995 | ||
| 300 | |a 217 p. | ||
| 650 | 0 | 0 | |a Elementary school environment |z Great Britain |x Case studies. |
| 650 | 0 | 0 | |a Social justice |z Great Britain |x Case studies. |
| 650 | 0 | 0 | |a Elementary schools |z Great Britain |x Sociological aspects |x Case studies. |
| 852 | |a INST |b RHODES |e 19991118 |h 370.115 INF |p 005400012451 |q 005400012451 |t BK |y 0 | ||
| 901 | |a BIBL4-1999-3 | ||
| 909 | |a Ρ |b 068841 | ||
| 922 | |a 4ΕΛΗ |b 199909 |c ΚΠΣ/154 |d GLORY BOOKS | ||
| 970 | |a ΚΟΥΛΑΚΙΟΤΗ |b ΛΙΤΣΑ |z 1999/11/18 | ||